000 00293nam a2200109Ia 4500
008 201216s9999 xx 000 0 und d
100 _aCarlisle, Charles (Ed.)
245 0 _a(The) Illustrated Encyclopaedia of Mankind
260 _aNew York
_bMarshal Cavendish
490 _vVol. 7.
942 _cBK
999 _c6552
_d6552